Introducción a la dinámica económica (Registro nro. 5619)
[ vista simple ]
| 000 -LEADER | |
|---|---|
| fixed length control field | 01888 a2200253 4500 |
| 001 - CONTROL NUMBER | |
| control field | 54539 |
| 005 - DATE AND TIME OF LATEST TRANSACTION | |
| control field | 20260407155818.0 |
| 008 - FIXED-LENGTH DATA ELEMENTS--GENERAL INFORMATION | |
| fixed length control field | 260407a1972 arg spa d |
| 003 - CONTROL NUMBER IDENTIFIER | |
| control field | AR-UNSa-BCEJYS |
| 040 ## - CATALOGING SOURCE | |
| Original cataloging agency | AR-UNSa-BCEJYS |
| Language of cataloging | spa |
| Transcribing agency | AR-UNSa-BCEJYS |
| 080 ## - UNIVERSAL DECIMAL CLASSIFICATION NUMBER | |
| Universal Decimal Classification number | 330.1 |
| Common auxiliary subdivision | Ciencia económica. Conceptos fundamentales de teoría económica. Valor. Capital. Fondos |
| 041 ## - LANGUAGE CODE | |
| Language code of text/sound track or separate title | spa |
| 100 1# - MAIN ENTRY--PERSONAL NAME | |
| Personal name | Baumol, William J. |
| 245 10 - TITLE STATEMENT | |
| Title | Introducción a la dinámica económica |
| 250 ## - EDITION STATEMENT | |
| Edition statement | 2a. ed. |
| 264 #1 - PRODUCTION, PUBLICATION, DISTRIBUTION, MANUFACTURE, AND COPYRIGHT NOTICE | |
| Place of production, publication, distribution, manufacture | Barcelona : |
| Name of producer, publisher, distributor, manufacturer | Marcombo |
| Date of production, publication, distribution, manufacture, or copyright notice | 1972 |
| 300 ## - PHYSICAL DESCRIPTION | |
| Extent | 502 p. |
| Dimensions | 22 cm. |
| 505 ## - FORMATTED CONTENTS NOTE | |
| Formatted contents note | I. Introducción - Parte I: La dinámica magna - II. La dinámica clásica - III. La dinámica de Marx y de Schumpeter - IV. El modelo de Harrod - Parte II: La estática que implica tiempo - V. El equilibrio de la empresa - VI. La flexibilidad de los precios y el equilibrio de la economía - VII. La dinámica,la estática comparativa y la estabilidad del equilibrio estático - Parte III: Análisis del proceso - VIII. El análisis por períodos - Parte IV: Modelos de una sola ecuación - IX. Ecuaciones de diferencias de primer orden - X. Ecuaciones de diferencias de orden superior - XI. Interpretación de los modelos de ecuaciones de diferencias - XII. El cálculo en los sistemas de orden superior - XIII. Modelos con ecuaciones de diferencias no lineales de primer orden - XIV. Sistemas simples de ecuaciones diferenciales - Parte V: Modelos de ecuaciones simultáneas - XV. Sistemas simultáneos y operadores sencillos - XVI. Los sistemas lineales simultáneos: Métodos matriciales - Parte VI: Modelos de crecimiento más recientes - XVII. Algunos modelos de crecimiento recientes - XVIII. Dos modelos con implicaciones políticas |
| 590 ## - LOCAL NOTE (RLIN) | |
| Local note | niveau_biblio:m niveau_hierar:0 |
| 700 1# - ADDED ENTRY--PERSONAL NAME | |
| Personal name | Turvey, Ralph |
| 700 1# - ADDED ENTRY--PERSONAL NAME | |
| Personal name | Grifoll Guasch, José |
| 700 1# - ADDED ENTRY--PERSONAL NAME | |
| Personal name | Riverola García, José |
| 942 ## - ADDED ENTRY ELEMENTS (KOHA) | |
| Koha item type | |
| Withdrawn status | Lost status | Damaged status | Not for loan | Home library | Current library | Shelving location | Date acquired | Total checkouts | Full call number | Barcode | Date last seen | Price effective from | Koha item type |
|---|---|---|---|---|---|---|---|---|---|---|---|---|---|
| Biblioteca Prof. Eusebio Cleto del Rey | Biblioteca Prof. Eusebio Cleto del Rey | 07/04/2026 | 330.1 B347i 2ed. | L13418 | 07/04/2026 | 07/04/2026 | Libro |